Представление документа в формате MARC21

Поле Инд. ПП Название Значение
Тип записи a
Библиографический уровень m
001 Контрольный номер RU/IS/BASE/372341788
005 Дата корректировки 20230213134453.0
040 b Код языка каталог. rus
041 0_ a Код языка текста rus
080 a Индекс УДК 004.42
084 a Индекс другой классификации/Индекс ББК 32.972.1
090 a Полочн. индекс 681.3
x Авторский знак П27
097 b Оператор 11
100 1_ a Автор Перцев А. В.
245 10 a Заглавие Программа, методические указания и контрольные задания по курсу "Введение в программирование"
260 a Место издания Таганрог
b Издательство ТРТИ
c Дата издания 1984
300 a Объем 38 с.
510 0_ a Примечание о ссылках Книги и методические пособия
650 04 a Основная рубрика 50.05 Теоретические основы программирования
x Основная подрубрика 50.05.03 Общетеоретические вопросы программирования
653 0_ a Ключевые слова программирование
700 1_ a Другие авторы Крюкова Л. К.
901 t Тип документа m